MDQL
is popping MORE tags! Check the
thread
!
Quizzes
Events
Quiz Creation
Community
Videos
Private Events
Remove Ads
Sign In
Join for FREE
Feedback
Dark Mode
Quiz Categories
Sports
Geography
Music
Movies
Television
Just For Fun
Miscellaneous
History
Literature
Language
Science
Gaming
Entertainment
Religion
Holiday
For Kids
Quiz Lab
Recent
Popular Today
Quiz Kudos Today
Editor Picks
Curator Picks
Quizzes by...
Day
Popularity
Type
Ratings
Length
Year
Community
Subscriptions
Recent Discussions
Orange Saloon
Badges
Playlists
Quests
Create
Leaderboards
Showdown
Live 5
Trivia Bingo
Activity
Puzzle Library
Sporcle Events
Private Events
Virtual Trivia
Globe League
Become a Host
Pub Owners
SporcleCon
Opinionation
Our Games
Videos
Blog
Mobile Apps
Partnerships
Remove Ads and Go Orange
Feedback
Language
Vocabulary
Begins and Ends
Definition
Spanish
French
German
Italian
Chinese
Latin
Translation
Japanese
Language
Vocabulary
Begins and Ends
Definition
Spanish
French
German
Italian
Chinese
Latin
Translation
Japanese
Random Quiz
Search Sporcle
×
Quiz Lab
Quiz Lab
Language
World
Type in answers that appear in a list
Type in answers that appear in a list
Classic
Best Score? Go Orange.
4 letter word latter - from #17 to #26 Stats
Can you name the 4 letter word latter - from #17 to #26?
By
Sekolus
3m
20 Questions
16 Plays
16 Plays
16 Plays
Comments
Comments
Give Quiz Kudos
Give Quiz Kudos
-
- Ratings
hide this ad
Replay
Link that replays current quiz
Next Quiz
Link to next quiz in quiz playlist
You Got
0%
They Got
Avg Score
31%
Avg Friend Score
Upgrade to see
Score Distribution
Jump to the score distribution portion of the page
Score
0/20
Timer
03:00
0
Plays Today
Hint
Answer
% Correct
Walking stick
Cane
75%
This Marx isn't Groucho
Karl
56.3%
Croft from Tomb Raider
Lara
56.3%
Superwoman reporter Lois
Lane
50%
Last name of 1st overall pick in 2007 NHL draft
Kane
43.8%
Strait south of Novaya Zemlya
Kara
37.5%
World Anti-
Doping Agency
Wada
37.5%
Money you earn for working
Wage
37.5%
Sports team from Togliatti
Lada
31.3%
First name of 2nd pick in 1995 NHL draft
Wade
31.3%
Hint
Answer
% Correct
Johnny from Mortal Kombat
Cage
31.3%
#99 and #17 from the first rung used to play in the same…
Line
31.3%
If Wayne was #99, who would #17 be?
Jari
25%
Diet soda or food may be called…
Lite
25%
Statesman who founded Stockholm
Jarl
18.8%
What Jarkko Ruutu did to Andrew Peters
Bite
12.5%
The Russian Rocket
Bure
12.5%
Canadian-
Romanian boxer tested positive for doping
Bute
6.3%
From law
(de)jure
6.3%
Finnish Selke Trophy Winner Lehtinen
Jere
6.3%
Quiz Playlist
Details
Report
Send in Message
Add To Playlist
Classic:
Type in answers that appear in a list
Last Updated: Feb 16, 2017
Quiz Scoreboard
CHALLENGE
Sign Up to Join the Scoreboard
Show All
Scores
Hide
Comments
May contain spoilers
Recently Published
Street Fighter Characters
by Artimus82
Gaming
60s
9x9 Crossword: Cartoon Network
by jackfrog10
Miscellaneous
3m
College Basketball Coaching Resumes
by pancakes188
Sports
9m
More to Explore
Quiz From the Vault
Featured Blog Post
Where Did the Easter Bunny Come From?
hide this ad
You Might Also Like...
Tags
Letter Quiz
World Quiz
Today's Top Quizzes in Language
Browse Language
hide this ad
Today's Top Quizzes in World
Browse World
Top Contributed Quizzes in Language
1
1-10 Letter F Words III
2
1-10 Letter G Words III
3
1-10 Letter H Words III
4
Celtic Nations in their Language
5
Alphabetize! : 'As' words
6
1-10 Letter I Words III
7
One Thing in Common: Italy
8
Order Up: Top 10 Most Native Spoken Languages
9
1-10 Letter J Words III
10
Weisst du, aus welchen Sprachen diese Wörter stammen?
Explore More
Trending Topics
Anime
NBA
Harry Potter
Kpop
Marvel
Crossword
Disney
Soccer
Song
Country
Pokémon
NFL
Puzzle
WWE
The Office
hide this ad
More By:
Sekolus
Quiz
Plays
Rating
Category
Featured
Created
European NHL players sharing the same surname
152
5.00
Sports
Aug 12, 2018
2 euro coins
125
4.20
Geography
Aug 9, 2014
Finnished countries of Asia
51
3.50
Geography
Sep 28, 2016
Finnished countries of Africa
50
3.67
Geography
Sep 24, 2016
Finnish hockey trivia
50
5.00
Sports
Jun 14, 2022
Go to Creator's Profile
Score Distribution
Quiz Creator Spotlight
Sekolus
Follow
Send a Message
Quizzes Created
-
Created Quiz Play Count
-
More By This Creator
Popular Quizzes Today
1
Find the US States - No Outlines Minefield
2
Find the Countries of Europe - No Outlines Minefield
3
The Countries of the World
4
Find the US States
5
Risky Map Clicking: Biggest States A-Z
6
US States
7
Popular People in 1961
8
Movies - When Are They Set?
More Language Quizzes
The 'Con'summate Quiz
Editor's Pick
Trending Quizzes
Risky Map Clicking: Least Populous States A-Z
Countries of the World: 200 Million BC
Billboard Blitz: Aretha Franklin
1-10 Letter G Words
Famous Russians: Author or Composer?
Recently Updated
Leaping Animals
pecheneg
Reality TV Shows (A-Z)
bhenderson79
Rickey Henderson's Hall of Fame Teammates
pecheneg
Champions League XIs: Arsenal
pecheneg
Quick Pick: Celebrities in WWE's Hall of Fame
aduchscher
A-Z Keypad Blitz II
pecheneg
Multiple Oscar Actors
pecheneg
Mystery Phrase Blitz: Oscar 'Best Actors'
pecheneg
F. Scott Fitzgerald Novels
LTH
Pick 3 Villains
ddd62291
Trending Topics
Disney
Kpop
NBA
Marvel
Harry Potter
Anime
Crossword
Soccer
WWE
The Office
Puzzle
Song
Country
Pokémon
NFL
Your Account Isn't Verified!
In order to create a playlist on Sporcle, you need to verify the email address you used during registration. Go to your
Sporcle Settings
to finish the process.
Report this User
Report this user for behavior that violates our
Community Guidelines
.
Details:
Send Report
Go to the Sporcle.com Mobile Site →
Comments